Innovations in Management Teaching and Research Methods/ (Record no. 190296)

MARC details
000 -LEADER
fixed length control field 00695nam a22002057a 4500
005 - DATE AND TIME OF LATEST TRANSACTION
control field 20220721152736.0
010 ## - LCCN (DPL NO)
LC control number ENG-133793
020 ## - INTERNATIONAL STANDARD BOOK NUMBER
International Standard Book Number 9789390631339
Terms of availability 575.00
035 ## - SYSTEM CONTROL NUMBER
System control number EN-117325
037 ## - SOURCE OF ACQUISITION
Source of stock number/acquisition DBAD/PUB
082 ## - DEWEY DECIMAL CLASSIFICATION NUMBER
Classification number 658.0072
245 ## - TITLE STATEMENT
Title Innovations in Management Teaching and Research Methods/
Statement of responsibility, etc Edited by Shaik Mahaboob, Y.Bhaskar Rao, Mora Murali
260 ## - PUBLICATION, DISTRIBUTION, ETC. (IMPRINT)
Place of publication, distribution, etc Hyderabad
Name of publisher, distributor, etc Paramount Publishing House
Date of publication, distribution, etc 2021
270 ## - ADDRESS
Address A-531, H.No.4-32-521, Phase-1, Allwyn Colony, Kukatpally
City Hyderabad
Postal code 500072
300 ## - PHYSICAL DESCRIPTION
Extent 214p.
Dimensions 24cm(pbk)
700 ## - ADDED ENTRY--PERSONAL NAME
Personal name Syed, Shaik Mahabooba
700 ## - ADDED ENTRY--PERSONAL NAME
Personal name Y.Bhaskar Rao
700 ## - ADDED ENTRY--PERSONAL NAME
Personal name More Murali
942 ## - ADDED ENTRY ELEMENTS (KOHA)
Source of classification or shelving scheme Dewey Decimal Classification
Item type English Books
Classification part 658.0073
Call number suffix INN
Holdings
Withdrawn status Lost status Not for loan Collection code Home library Current library Date acquired Source of acquisition Cost, normal purchase price Full call number Barcode Copy number Cost, replacement price Koha item type
      Non-fiction Bawana Bawana 21/07/2022 DBAD/PUB 575.00 658.0073 INN EN-117325 1 575.00 English Books

© Delhi Public Library
Hit Counter
free hit counter